| 000 | 00757nas a2200241 4500 | ||
|---|---|---|---|
| 001 | BR0703321 | ||
| 003 | BR-BrBNA | ||
| 005 | 20231205110853.0 | ||
| 007 | ta | ||
| 008 | 230509b bl.|||p| |||| 00| 00por d | ||
| 040 |
_aBR-BrBNA _bpor _cBiblioteca Nacional de Agricultura |
||
| 041 | _a(Pt) | ||
| 072 | _aH10 | ||
| 100 | 1 | _aSakakibara, A.M. | |
| 100 | 1 | _aMarques, O.M. | |
| 245 | 1 | _aEspécies novas de Membracidae (Hemiptera: Cicadomorpha)coletadas em um agroecossistema cacaueiro da região sul da Bahia, Brasil | |
| 650 | _aHEMIPTERA | ||
| 650 | _aCAPTURA | ||
| 650 | _aBIOLOGIA | ||
| 773 | 0 |
_tMagistra (Brazil) _xISSN 0102-5333 _g(Jan-Mar 2007), v. 19(1) p. 82-87 _wBR0703321 |
|
| 909 |
_a202311 _bLúcia _c55 _dLúcia Elande |
||
| 942 |
_2AGRIS _n0 _cANA |
||
| 999 |
_c189513 _d189513 |
||